| 000 | 004410000a22001810004500 | ||
|---|---|---|---|
| 003 | MACL | ||
| 005 | 20160121120523.0 | ||
| 008 | 160121b xxu||||| |||| 00| 0 eng d | ||
| 040 |
_aMACL _cmacl |
||
| 041 | _aEnglish | ||
| 082 | _a374.22/BRI | ||
| 100 |
_aBright, P S _933222 |
||
| 245 | _aGroup Discussions | ||
| 260 |
_bBright Careers Institute _aNew Delhi |
||
| 350 | _a50 | ||
| 650 |
_aEducation _933844 |
||
| 942 |
_cBK _k374.22/BRI _2ddc |
||
| 999 |
_c32057 _d32057 |
||